Catálogo

Vista normal Vista MARC

Entrada Personal Name

Número de registros utilizados en: 4

001 - CONTROL NUMBER

  • control field: 5339

003 - CONTROL NUMBER IDENTIFIER

  • control field: OSt

005 - DATE AND TIME OF LATEST TRANSACTION

  • control field: 20200818131828.0

008 - FIXED-LENGTH DATA ELEMENTS

  • fixed length control field: 170822 a|ac|n|aab||||||||||||a |n|||||||

010 ## - LIBRARY OF CONGRESS CONTROL NUMBER

  • LC control number: n 97046331

040 ## - CATALOGING SOURCE

  • Original cataloging agency: DLC DLC |b eng |c DLC |d
  • Language of cataloging: spa
  • Description conventions: rda
  • Transcribing agency: Mx-PuUPA
  • Modifying agency: OCoLC
  • Modifying agency: Mx-PuUPA

100 1# - HEADING--PERSONAL NAME

  • Personal name: Castellanos Hernández, Eduardo de Jesús,

372 ## - FIELD OF ACTIVITY

  • Field of activity: Ciencias políticas

374 ## - OCCUPATION

  • Occupation: Autor

375 ## - GENDER

  • Gender: hombre

377 ## - ASSOCIATED LANGUAGE

  • Language code: spa

400 1# - SEE FROM TRACING--PERSONAL NAME

  • Personal name: Hernández, Eduardo de Jesús Castellanos

400 1# - SEE FROM TRACING--PERSONAL NAME

  • Personal name: Castellanos Hernández, Eduardo

400 1# - SEE FROM TRACING--PERSONAL NAME

  • Personal name: De Jesús Castellanos Hernández, Eduardo

400 1# - SEE FROM TRACING--PERSONAL NAME

  • Personal name: Jesús Castellanos Hernández, Eduardo de

670 ## - SOURCE DATA FOUND

  • Source citation: Biblioteca del Congreso (Estados Unidos), 22 agosto 2017:
  • Information found: catálogo electrónico
  • Uniform Resource Identifier: https://goo.gl/kprW4p

670 ## - SOURCE DATA FOUND

  • Source citation: Formas de gobierno y sistemas electorales en México, 1996:
  • Information found: t.p. (Eduardo Castellanos Hernández) cover (Centro de Investigación Científica Jorge L. Tamayo)

670 ## - SOURCE DATA FOUND

  • Source citation: El fomento de la cultura de la legalidad como política pública, 2009:
  • Information found: t.p. (Eduardo de Jesús Castellanos Hernández)

670 ## - SOURCE DATA FOUND

  • Source citation: Guía de tratados promulgados y otros instrumentos internacionales vigentes suscritos por México, 2005:
  • Information found: página legal Eduardo Castellanos Hernández